ბათუმის შოთა რუსთაველის სახელმწიფო უნივერსიტეტის ბიბლიოთეკა

GEOPOLITICS AND SECURITY : (ბიბ.ჩანაწერი № 57096)

000 -LEADER
fixed length control field 00924nam a22002057a 4500
005 - DATE AND TIME OF LATEST TRANSACTION
control field 20191118112433.0
008 - FIXED-LENGTH DATA ELEMENTS--GENERAL INFORMATION
fixed length control field 191118s2018 enk||||| |||| 00| 0 eng d
020 ## - INTERNATIONAL STANDARD BOOK NUMBER
International Standard Book Number 9789941449932
041 ## - LANGUAGE CODE
Language code of text/sound track or separate title eng
Language code of original geo
080 ## - UNIVERSAL DECIMAL CLASSIFICATION NUMBER
Universal Decimal Classification number 327 G-37
245 ## - TITLE STATEMENT
Title GEOPOLITICS AND SECURITY :
Remainder of title A NEW STRATEGY FOR THE SOUTH CAUCASUS /
Statement of responsibility, etc. Edited by : Kornely Kakachia ; Stefan Meister ; Benjamin Fricke.
264 ## - PRODUCTION, PUBLICATION, DISTRIBUTION, MANUFACTURE, AND COPYRIGHT NOTICE
Place of production, publication, distribution, manufacture Tbilisi :
Name of producer, publisher, distributor, manufacturer Georgian institute of politics,
Date of production, publication, distribution, manufacture, or copyright notice 2018.
300 ## - PHYSICAL DESCRIPTION
Extent 304 p.:
Dimensions 22 cm.
653 ## - INDEX TERM--UNCONTROLLED
keyword გეოპოლიტიკა და უსაფრთხოება: სამხრეთ კავკასიის ახალი სტრატეგია
653 ## - INDEX TERM--UNCONTROLLED
keyword პოლიტიკა
700 ## - ADDED ENTRY--PERSONAL NAME
Personal name Kakachia, Kornely
Relator term რედაქტორი
9 (RLIN) 5379
700 ## - ADDED ENTRY--PERSONAL NAME
Personal name Meister, Stefan
Relator term რედაქტორი
9 (RLIN) 5380
700 ## - ADDED ENTRY--PERSONAL NAME
Personal name Fricke, Benjamin
Relator term რედაქტორი
9 (RLIN) 5381
942 ## - ADDED ENTRY ELEMENTS (KOHA)
Source of classification or shelving scheme
Koha item type წიგნი
ეგზემპლარები
Withdrawn status Lost status Source of classification or shelving scheme Damaged status Not for loan Permanent Location Current Location Shelving location Date acquired Cost, normal purchase price Full call number Barcode Date last seen Copy number Price effective from Koha item type Public note
          ბათუმის შოთა რუსთაველის სახელმწიფო უნივერსიტეტის მთავარი ბიბლიოთეკა ბათუმის შოთა რუსთაველის სახელმწიფო უნივერსიტეტის მთავარი ბიბლიოთეკა წიგნსაცავი 2019-11-18 20.00 327 G-37 59127 2019-11-18 59127 2019-11-18 წიგნი 20.00